[Event "DVM U20 2016"]
[Site "Borken-Gemen GER"]
[Date "2016.12.30"]
[Round "7"]
[White "Holtel, Jasper"]
[Black "Dürr, Florian"]
[Result "1-0"]
[Termination "normal"]
[Board "5.1"]
[WhiteTitle "FM"]
[WhiteElo "2236"]
[BlackElo "1887"]
[WhiteTeam "SK Münster"]
[BlackTeam "SC Erlangen"]
[PlyCount "83"]
[WhiteFideId "12956376"]
[BlackFideId "24659134"]
[EventCountry "GER"]
[EventRounds "7"]
[EventType "team-swiss"]
[EventDate "2016.12.26"]

1.e4 e6 2.d4 d5 3.Nd2 Nf6 4.e5 Nfd7 5.Bd3 c5 6.c3 Nc6 7.Ne2 cxd4 8.cxd4 f6
9.Nf4 Nxd4 10.Qh5+ Ke7 11.exf6+ Nxf6 12.Ng6+ hxg6 13.Qxh8 Kf7 14.O-O e5 15.Nb3
Nxb3 16.axb3 Bf5 17.Bxf5 gxf5 18.Bg5 Bc5 19.Qh3 g6 20.Bxf6 Qxf6 21. Rfc1 Bb6
22.Rc2 Rh8 23.Qd3 Rd8 24.Rac1 e4 25.Qh3 Rd7 26.Rc8 Qxb2 27.Qh6 Qg7 28.Qg5 d4
29.h4 Qh7 30.Qf4 d3 31.Qe5 Re7 32.Qd5+ Kg7 33.g3 f4 34.Qg5 Rf7 35.Qe5+ Kh6
36.Rh8 fxg3 37.Rxh7+ Kxh7 38.Rc8 gxf2+ 39.Kf1 Rg7 40.Qe8 g5 41.Qxe4+ Rg6 42.h5
1-0

[Event "DVM U20 2016"]
[Site "Borken-Gemen GER"]
[Date "2016.12.30"]
[Round "7"]
[White "Tong, Kevin"]
[Black "Haberkamp, Carl"]
[Result "1-0"]
[Termination "normal"]
[Board "5.2"]
[WhiteElo "2149"]
[BlackElo "1919"]
[WhiteTeam "SC Erlangen"]
[BlackTeam "SK Münster"]
[PlyCount "77"]
[WhiteFideId "12913944"]
[BlackFideId "12959766"]
[EventCountry "GER"]
[EventRounds "7"]
[EventType "team-swiss"]
[EventDate "2016.12.26"]

1.e4 c6 2.d4 d5 3.exd5 cxd5 4.Bd3 Nf6 5.c3 Bg4 6.Qb3 Qc7 7.h3 Bh5 8.g4 Bg6
9.Bxg6 hxg6 10.g5 Nh5 11.Qxd5 e6 12.Qf3 Nc6 13.Ne2 Be7 14.h4 Bd6 15.Nd2 Nf4
16.Ne4 Nxe2 17.Qxe2 O-O-O 18.Be3 Rh7 19.O-O-O Ne7 20.Qf3 Nf5 21.h5 gxh5 22.Rxh5
Rxh5 23.Qxh5 Bf4 24.Qf3 Bxe3+ 25.fxe3 b6 26.Nf2 Rh8 27.Ng4 Kb8 28.Ne5 g6 29.Kb1
Rh5 30.Rg1 Nd6 31.Qf6 b5 32.Qg7 a5 33.Qf8+ Kb7 34.Rf1 Rh7 35.Qg8 Ne4 36.Rxf7
Rxf7 37.Qxf7 Qxf7 38.Nxf7 Kc7 39.Kc2 1-0

[Event "DVM U20 2016"]
[Site "Borken-Gemen GER"]
[Date "2016.12.30"]
[Round "7"]
[White "Baumann, Eva"]
[Black "Diller, Daniel"]
[Result "1/2-1/2"]
[Termination "normal"]
[Board "5.3"]
[WhiteElo "1620"]
[BlackElo "1982"]
[WhiteTeam "SK Münster"]
[BlackTeam "SC Erlangen"]
[PlyCount "85"]
[WhiteFideId "12998788"]
[BlackFideId "12908983"]
[EventCountry "GER"]
[EventRounds "7"]
[EventType "team-swiss"]
[EventDate "2016.12.26"]

1.e4 e6 2.d4 d5 3.Nc3 Bb4 4.e5 c5 5.a3 Bxc3+ 6.bxc3 Ne7 7.f4 Qa5 8.Bd2 Qa4
9.Nf3 Nbc6 10.Be3 c4 11.Be2 Bd7 12.O-O h6 13.Qd2 O-O-O 14.Rfb1 Kb8 15.Qc1 Rdg8
16.Qb2 b6 17.Ra2 f6 18.Bf1 Rf8 19.Qa1 Nf5 20.Bd2 h5 21.Rb4 Nxb4 22. axb4 Qb5
23.Rxa7 Bc6 24.Be1 Bb7 25.Bh4 Kc7 26.exf6 gxf6 27.Ra2 Nxh4 28. Nxh4 Ra8 29.Rxa8
Bxa8 30.Qe1 Qe8 31.Qe3 Bc6 32.Be2 Kb7 33.Qf3 Qf7 34.f5 exf5 35.Nxf5 Qe6 36.Ng7
Qg4 37.Nxh5 Qxf3 38.Bxf3 Rf8 39.Nf4 Rd8 40.Kf2 b5 41.h4 Rd7 42.h5 Kc7 43.g4
1/2-1/2

[Event "DVM U20 2016"]
[Site "Borken-Gemen GER"]
[Date "2016.12.30"]
[Round "7"]
[White "Haas, Maximilian"]
[Black "Kamp, Aaron"]
[Result "1-0"]
[Termination "normal"]
[Board "5.4"]
[WhiteElo "1752"]
[BlackElo "1742"]
[WhiteTeam "SC Erlangen"]
[BlackTeam "SK Münster"]
[PlyCount "93"]
[WhiteFideId "12959219"]
[BlackFideId "16231120"]
[EventCountry "GER"]
[EventRounds "7"]
[EventType "team-swiss"]
[EventDate "2016.12.26"]

1.e4 c5 2.Nf3 d6 3.d4 cxd4 4.Nxd4 Nf6 5.Nc3 g6 6.Bc4 Bg7 7.Be3 O-O 8.f3 Nc6
9.Qd2 Bd7 10.O-O-O Rc8 11.Be2 Nb4 12.g4 Qa5 13.Kb1 Be6 14.a3 Nc6 15. Nxe6 fxe6
16.Bc4 Kf7 17.Bb3 Ne5 18.Qe2 Rxc3 19.bxc3 Rc8 20.Bc1 Qxc3 21.Bb2 Qxf3 22.Qxf3
Nxf3 23.Rhf1 Nxh2 24.g5 Nxf1 25.Rxf1 Rc5 26.gxf6 exf6 27.Bd4 Ra5 28.Ka2 d5
29.Bc3 Rc5 30.Bb4 Rb5 31.exd5 exd5 32.c4 Rxb4 33.axb4 dxc4 34.Bxc4+ Ke7 35.Kb3
a6 36.Bd5 b6 37.Bb7 a5 38.b5 f5 39.Re1+ Kd6 40.Rd1+ Kc7 41.Bc6 Bf6 42.Rd7+ Kc8
43.Rxh7 Bd8 44.Kc4 f4 45.Kd5 a4 46.Kd6 Kb8 47. Rb7+ 1-0

[Event "DVM U20 2016"]
[Site "Borken-Gemen GER"]
[Date "2016.12.30"]
[Round "7"]
[White "Van Lindt, Chiara"]
[Black "Buzatu, Alexander"]
[Result "0-1"]
[Termination "normal"]
[Board "5.5"]
[WhiteElo "1429"]
[BlackElo "1574"]
[WhiteTeam "SK Münster"]
[BlackTeam "SC Erlangen"]
[PlyCount "94"]
[WhiteFideId "12966762"]
[BlackFideId "12983560"]
[EventCountry "GER"]
[EventRounds "7"]
[EventType "team-swiss"]
[EventDate "2016.12.26"]

1.Nf3 d5 2.g3 Nf6 3.Bg2 c6 4.O-O Bg4 5.d3 Nbd7 6.Nbd2 e5 7.e4 Be7 8.Re1 Qc7
9.h3 Bh5 10.Qe2 d4 11.Nc4 Bxf3 12.Qxf3 h6 13.Bd2 O-O-O 14.Reb1 Rhf8 15.a4 Ne8
16.Qg4 g5 17.b4 Nd6 18.Nxd6+ Qxd6 19.b5 c5 20.a5 Kb8 21.Qf5 Qf6 22.Qf3 Qe6
23.Qf5 Qxf5 24.exf5 Bf6 25.Bf3 Be7 26.Re1 Bd6 27.Ra4 Nf6 28.Bg2 Rg8 29.Rc4 Rc8
30.Bc1 Rge8 31.Ba3 Re7 32.a6 b6 33.Bc6 Kc7 34.Bb7 Rg8 35. Bg2 Kb8 36.Bc1 Kc7
37.Bb2 Kb8 38.Bc1 Kc7 39.Ba3 Kb8 40.Bb2 Rh8 41.Bc1 Bc7 42.Bd2 Ne8 43.Ra4 Nd6
44.f6 Re6 45.Bc6 Rxf6 46.Rxe5 Nxb5 47.Re7 Rxc6 0-1

[Event "DVM U20 2016"]
[Site "Borken-Gemen GER"]
[Date "2016.12.30"]
[Round "7"]
[White "Grüninger, Maxim"]
[Black "Hungeling, David"]
[Result "0-1"]
[Termination "normal"]
[Board "5.6"]
[WhiteElo "1556"]
[BlackElo "1513"]
[WhiteTeam "SC Erlangen"]
[BlackTeam "SK Münster"]
[PlyCount "80"]
[WhiteFideId "12942960"]
[BlackFideId "16222440"]
[EventCountry "GER"]
[EventRounds "7"]
[EventType "team-swiss"]
[EventDate "2016.12.26"]

1.e4 e6 2.d4 d5 3.e5 c5 4.c3 Nc6 5.Nf3 Qb6 6.Bd3 Bd7 7.O-O cxd4 8.cxd4 Nxd4
9.Nbd2 Bb4 10.Nxd4 Qxd4 11.Nf3 Qb6 12.a3 Be7 13.b4 Bb5 14.Be3 Qa6 15. Bxb5+
Qxb5 16.Nd4 Qd7 17.Qg4 g6 18.Nb3 b6 19.Nd4 Bf8 20.Bg5 Bh6 21.Bh4 Bf8 22.b5 Be7
23.Bg3 Bc5 24.a4 Nh6 25.Qf4 Bxd4 26.Qxd4 Nf5 27.Qd3 Nxg3 28.fxg3 O-O 29.Rf6 Qc7
30.Qe2 Qc5+ 31.Kh1 Qd4 32.Raf1 Rac8 33.h3 Qxa4 34.Qf3 Qe4 35.Qf2 Rc2 36.Qg1
Qxe5 37.Kh2 d4 38.R6f4 d3 39.Re1 Qc5 40.Qf1 d2 0-1

[Event "DVM U20 2016"]
[Site "Borken-Gemen GER"]
[Date "2016.12.30"]
[Round "7"]
[White "Doering, Andre Patrick"]
[Black "Wenninger, Patrick"]
[Result "1/2-1/2"]
[Termination "normal"]
[Board "6.2"]
[WhiteElo "1806"]
[BlackElo "1841"]
[WhiteTeam "SV Mattnetz Berlin"]
[BlackTeam "Heilbronner SV"]
[PlyCount "58"]
[WhiteFideId "4697480"]
[BlackFideId "12927880"]
[EventCountry "GER"]
[EventRounds "7"]
[EventType "team-swiss"]
[EventDate "2016.12.26"]

1.d4 d5 2.c4 c6 3.Nc3 Nf6 4.Bg5 g6 5.Nf3 Bg7 6.cxd5 cxd5 7.e3 Nc6 8.Bd3 O-O
9.h3 Re8 10.O-O e5 11.dxe5 Nxe5 12.Nxe5 Rxe5 13.Bf4 Re7 14.Ne2 Ne4 15. Bxe4
Rxe4 16.Nc3 Rxf4 17.exf4 d4 18.Ne4 Qd5 19.Nd2 Be6 20.Qe2 Rd8 21.Qd3 Qd6 22.Rfe1
Qxf4 23.Ne4 Qc7 24.Rac1 Qb6 25.b3 Bd5 26.Ng3 Bc6 27.Rcd1 Bb5 28.Qf3 d3 29.Re7
f5 1/2-1/2

[Event "DVM U20 2016"]
[Site "Borken-Gemen GER"]
[Date "2016.12.30"]
[Round "7"]
[White "Degenhard, Simon"]
[Black "Bui, Bao Anh Le"]
[Result "1-0"]
[Termination "normal"]
[Board "6.3"]
[WhiteElo "1979"]
[BlackElo "1763"]
[WhiteTeam "Heilbronner SV"]
[BlackTeam "SV Mattnetz Berlin"]
[PlyCount "111"]
[WhiteFideId "12944017"]
[BlackFideId "12970719"]
[EventCountry "GER"]
[EventRounds "7"]
[EventType "team-swiss"]
[EventDate "2016.12.26"]

1.d4 d5 2.Nf3 e6 3.e3 Nf6 4.Bd3 c5 5.b3 Nc6 6.Bb2 Be7 7.Nbd2 O-O 8.O-O a6 9.c4
b6 10.Rc1 Bb7 11.Qe2 Nb4 12.Bb1 Rc8 13.Rfd1 Qc7 14.cxd5 Nfxd5 15.dxc5 bxc5
16.Ne5 Qb6 17.Ne4 Rfd8 18.Qh5 g6 19.Qh3 f5 20.Nd2 Bf6 21.Ndc4 Qc7 22. Qg3 Qg7
23.h3 Ba8 24.Rd2 Nc6 25.Rcd1 Qe7 26.Nxc6 Bxc6 27.Be5 Be8 28.f4 Bxe5 29.Nxe5 Nc3
30.Rxd8 Rxd8 31.Re1 Rd1 32.Bd3 Rxe1+ 33.Qxe1 Nxa2 34.Bxa6 Nb4 35.Bc4 Qd6 36.Qc3
Nc6 37.Nd3 Nb4 38.Nxc5 Nd5 39.Bxd5 exd5 40.b4 Bb5 41.Qa1 Kf7 42.Qa7+ Qe7
43.Qxe7+ Kxe7 44.Nb3 Kd6 45.Nd4 Bd7 46.Kf2 Ke7 47. Ke2 Kd6 48.Kd3 Kc7 49.h4 Kd6
50.Nf3 Be8 51.Kd4 Bd7 52.Ng5 h5 53.Nf7+ Ke6 54.Ne5 Be8 55.Kc5 Kf6 56.Kxd5 1-0

[Event "DVM U20 2016"]
[Site "Borken-Gemen GER"]
[Date "2016.12.30"]
[Round "7"]
[White "Klodt, Daniel"]
[Black "Mikeler, Marcel"]
[Result "1/2-1/2"]
[Termination "normal"]
[Board "6.4"]
[WhiteElo "1741"]
[BlackElo "1833"]
[WhiteTeam "SV Mattnetz Berlin"]
[BlackTeam "Heilbronner SV"]
[PlyCount "112"]
[WhiteFideId "12938068"]
[BlackFideId "12927856"]
[EventCountry "GER"]
[EventRounds "7"]
[EventType "team-swiss"]
[EventDate "2016.12.26"]

1.e4 e5 2.Nf3 Nc6 3.Bb5 a6 4.Ba4 Nf6 5.O-O Be7 6.Re1 b5 7.Bb3 O-O 8.h3 d6 9.c3
Nb8 10.d4 Nbd7 11.Nbd2 Bb7 12.Bc2 Re8 13.Nf1 Bf8 14.Ng3 g6 15.dxe5 dxe5 16.Be3
h6 17.Qe2 c5 18.a4 Bc6 19.Red1 Qc7 20.axb5 axb5 21.Nh2 Kh7 22. Ng4 Nxg4 23.Qxg4
c4 24.Nf1 Nc5 25.Nd2 Bd7 26.Qf3 Be6 27.Bxc5 Bxc5 28.b3 Rxa1 29.Rxa1 Rd8 30.Qe2
Qd6 31.Rd1 Qa6 32.b4 Bb6 33.Nf3 Rxd1+ 34.Qxd1 Bc7 35.Kh2 f6 36.g3 Qa3 37.Qd2 g5
38.Qe3 Qa6 39.Qc5 Bd6 40.Qe3 Kg7 41.Kg2 Kf7 42.g4 Bc7 43.Qd2 Ke7 44.Nh2 Qa8
45.f3 Bb6 46.Nf1 Qa1 47.Ne3 Kf7 48.Nf1 Qa7 49.Bd1 Bg1 50.Bc2 Kg6 51.Bd1 h5
52.gxh5+ Kxh5 53.f4+ Kh6 54.fxg5+ fxg5 55. h4 Kh7 56.hxg5 Kg6 1/2-1/2

[Event "DVM U20 2016"]
[Site "Borken-Gemen GER"]
[Date "2016.12.30"]
[Round "7"]
[White "Lahouel, Kim-Luca"]
[Black "Schauties, Nico Antonio"]
[Result "1-0"]
[Termination "normal"]
[Board "6.5"]
[WhiteElo "1740"]
[BlackElo "1641"]
[WhiteTeam "Heilbronner SV"]
[BlackTeam "SV Mattnetz Berlin"]
[PlyCount "83"]
[WhiteFideId "12979503"]
[BlackFideId "16206371"]
[EventCountry "GER"]
[EventRounds "7"]
[EventType "team-swiss"]
[EventDate "2016.12.26"]

1.e4 e6 2.d4 d5 3.e5 c5 4.c3 Bd7 5.Nf3 Nc6 6.Be2 Qb6 7.O-O Rc8 8.a3 c4 9. Nbd2
Na5 10.Rb1 Ne7 11.Nh4 h6 12.g3 Qc7 13.f4 g6 14.Kh1 Nf5 15.Nxf5 gxf5 16.g4 fxg4
17.Bxg4 Be7 18.Qf3 Rf8 19.Qh3 f5 20.Bh5+ Kd8 21.Rg1 Be8 22.Bxe8 Rxe8 23.Qxh6
Kd7 24.Rg7 Qc6 25.Nf3 Rf8 26.Nh4 Qa4 27.b3 cxb3 28.Rxe7+ Kxe7 29.Ng6+ Kd7
30.Nxf8+ Kc7 31.Nxe6+ Kb8 32.Bb2 Qc4 33.Qh3 Qe2 34.Qg2 Qd3 35. Rc1 Nc4 36.Nc5
Qe3 37.Qxd5 Na5 38.e6 Qd2 39.Nd7+ Ka8 40.Qxa5 Qxb2 41.Nb6+ Kb8 42.Qe5+ 1-0

[Event "DVM U20 2016"]
[Site "Borken-Gemen GER"]
[Date "2016.12.30"]
[Round "7"]
[White "Pixa, Ulrich"]
[Black "Ignatov, Dmitriy"]
[Result "1/2-1/2"]
[Termination "normal"]
[Board "6.6"]
[WhiteElo "1613"]
[BlackElo "1768"]
[WhiteTeam "SV Mattnetz Berlin"]
[BlackTeam "Heilbronner SV"]
[PlyCount "62"]
[WhiteFideId "4697723"]
[BlackFideId "12927872"]
[EventCountry "GER"]
[EventRounds "7"]
[EventType "team-swiss"]
[EventDate "2016.12.26"]

1.e4 c6 2.c4 d5 3.exd5 cxd5 4.d4 Nf6 5.Nc3 Nc6 6.Nf3 Bg4 7.Be3 e6 8.c5 Be7
9.Bb5 Qc7 10.Bxc6+ bxc6 11.Bg5 O-O 12.Qd3 Bf5 13.Qa6 Rab8 14.b3 Qb7 15. Qxb7
Rxb7 16.Ne5 Rc8 17.f3 Ne8 18.Bxe7 Rxe7 19.Kd2 f6 20.Nd3 Bxd3 21.Kxd3 e5 22.Rhe1
Nc7 23.b4 a5 24.a3 Kf7 25.Rab1 Rb8 26.g3 g6 27.h4 axb4 28.axb4 exd4 29.Rxe7+
Kxe7 30.Kxd4 Kd7 31.Kd3 Ra8 1/2-1/2

[Event "DVM U20 2016"]
[Site "Borken-Gemen GER"]
[Date "2016.12.30"]
[Round "7"]
[White "Kieslich, Aaron"]
[Black "Stricker, Florian"]
[Result "1/2-1/2"]
[Termination "normal"]
[Board "7.1"]
[WhiteElo "2062"]
[BlackElo "2115"]
[WhiteTeam "TuS Coswig"]
[BlackTeam "SG Bochum"]
[PlyCount "55"]
[WhiteFideId "1270391"]
[BlackFideId "12976385"]
[EventCountry "GER"]
[EventRounds "7"]
[EventType "team-swiss"]
[EventDate "2016.12.26"]

1.e4 e6 2.d4 d5 3.Nd2 Nf6 4.e5 Nfd7 5.c3 c5 6.Bd3 Nc6 7.Ne2 Be7 8.Nf3 Qb6 9.b3
cxd4 10.cxd4 a5 11.O-O O-O 12.Nf4 Re8 13.Be3 Nf8 14.Nh5 f5 15.exf6 Bxf6
16.Nxf6+ gxf6 17.Nh4 Qc7 18.f4 f5 19.Nf3 Ng6 20.Ne5 Qb6 21.Rc1 Ncxe5 22.fxe5
Nxe5 23.Be2 Ng6 24.Bh5 e5 25.Bxg6 hxg6 26.Qd2 e4 27.Rc5 Be6 28. Rfc1 1/2-1/2

[Event "DVM U20 2016"]
[Site "Borken-Gemen GER"]
[Date "2016.12.30"]
[Round "7"]
[White "Rempe, Moritz"]
[Black "Kunath, Tim"]
[Result "1/2-1/2"]
[Termination "normal"]
[Board "7.2"]
[WhiteElo "2105"]
[BlackElo "1893"]
[WhiteTeam "SG Bochum"]
[BlackTeam "TuS Coswig"]
[PlyCount "40"]
[WhiteFideId "12906867"]
[BlackFideId "12985074"]
[EventCountry "GER"]
[EventRounds "7"]
[EventType "team-swiss"]
[EventDate "2016.12.26"]

1.e4 c6 2.d4 d5 3.Nc3 dxe4 4.Nxe4 Nd7 5.Nf3 Ngf6 6.Ng3 c5 7.dxc5 e6 8.c6 bxc6
9.Be2 Be7 10.O-O O-O 11.c4 c5 12.Qc2 Qc7 13.Bd2 Bb7 14.Bc3 Rad8 15. Rfe1 Nb8
16.Be5 Qc6 17.Bd3 h6 18.Rad1 Rfe8 19.h3 Qb6 20.Ne4 Nxe4 1/2-1/2

[Event "DVM U20 2016"]
[Site "Borken-Gemen GER"]
[Date "2016.12.30"]
[Round "7"]
[White "von Koslowski, Utz"]
[Black "Pilat, Fabian"]
[Result "1/2-1/2"]
[Termination "normal"]
[Board "7.3"]
[WhiteElo "1965"]
[BlackElo "1931"]
[WhiteTeam "TuS Coswig"]
[BlackTeam "SG Bochum"]
[PlyCount "49"]
[WhiteFideId "12964247"]
[BlackFideId "24683396"]
[EventCountry "GER"]
[EventRounds "7"]
[EventType "team-swiss"]
[EventDate "2016.12.26"]

1.Nf3 Nf6 2.d4 d5 3.g3 e6 4.Bg2 Be7 5.O-O O-O 6.b3 b6 7.Bb2 Bb7 8.Nbd2 Ne4
9.Rc1 Nd7 10.c4 Ndf6 11.Nxe4 Nxe4 12.Nd2 f5 13.Nxe4 fxe4 14.e3 Ba6 15.Qc2 Bd6
16.Rfd1 Qf6 17.Bf1 Rf7 18.c5 Bxf1 19.Rxf1 Be7 20.cxb6 cxb6 21.Qe2 Raf8 22.Rc6
Qf5 23.Rc7 Bd6 24.Rxf7 Rxf7 25.Rc1 1/2-1/2

[Event "DVM U20 2016"]
[Site "Borken-Gemen GER"]
[Date "2016.12.30"]
[Round "7"]
[White "Fistoul, Boris"]
[Black "von Koslowski, Wilhelm"]
[Result "1/2-1/2"]
[Termination "normal"]
[Board "7.4"]
[WhiteElo "1865"]
[BlackElo "1509"]
[WhiteTeam "SG Bochum"]
[BlackTeam "TuS Coswig"]
[PlyCount "55"]
[WhiteFideId "12953962"]
[BlackFideId "12985147"]
[EventCountry "GER"]
[EventRounds "7"]
[EventType "team-swiss"]
[EventDate "2016.12.26"]

1.d4 d5 2.c4 c6 3.Nf3 Nf6 4.Nc3 e6 5.e3 Nbd7 6.Qc2 Bd6 7.b3 O-O 8.Be2 Re8 9.O-O
dxc4 10.bxc4 e5 11.c5 Bc7 12.Bc4 exd4 13.exd4 Nf8 14.Bg5 Be6 15.Bd3 Ng6 16.Rad1
Qc8 17.Nh4 Bd8 18.Nf5 Bxf5 19.Bxf5 Qc7 20.Rfe1 Be7 21.Qb3 Rad8 22.g3 Nd5
23.Nxd5 Rxd5 24.Bxg6 hxg6 25.Bxe7 Rxe7 26.Rxe7 Qxe7 27.Qe3 Qd7 28.Rd3 1/2-1/2

[Event "DVM U20 2016"]
[Site "Borken-Gemen GER"]
[Date "2016.12.30"]
[Round "7"]
[White "Gerzen, Robin"]
[Black "Mallon, Frederik"]
[Result "1/2-1/2"]
[Termination "normal"]
[Board "7.6"]
[WhiteElo "1653"]
[BlackElo "1427"]
[WhiteTeam "SG Bochum"]
[BlackTeam "TuS Coswig"]
[PlyCount "42"]
[WhiteFideId "16206819"]
[BlackFideId "12985104"]
[EventCountry "GER"]
[EventRounds "7"]
[EventType "team-swiss"]
[EventDate "2016.12.26"]

1.e4 c5 2.c3 e6 3.d4 cxd4 4.cxd4 Bb4+ 5.Nc3 Nf6 6.Bd2 d6 7.Qa4+ Nc6 8.Bg5 Bd7
9.d5 Nd4 10.Qd1 Nb5 11.dxe6 Nxc3 12.exd7+ Qxd7 13.Qb3 Nxa2+ 14.Kd1 Nxe4 15.Be3
Bc5 16.Bb5 Nac3+ 17.bxc3 Nxc3+ 18.Qxc3 Qxb5 19.Bxc5 dxc5 20. Qe5+ Kd7 21.Qd5+
Ke7 1/2-1/2

[Event "DVM U20 2016"]
[Site "Borken-Gemen GER"]
[Date "2016.12.30"]
[Round "7"]
[White "Merkel, Toni"]
[Black "Keller, Peter"]
[Result "0-1"]
[Termination "normal"]
[Board "8.1"]
[BlackTitle "FM"]
[WhiteElo "1910"]
[BlackElo "2285"]
[WhiteTeam "SK König Plauen"]
[BlackTeam "Frankfurter TV"]
[PlyCount "32"]
[WhiteFideId "12902624"]
[BlackFideId "1272105"]
[EventCountry "GER"]
[EventRounds "7"]
[EventType "team-swiss"]
[EventDate "2016.12.26"]

1.e4 c5 2.Nf3 e6 3.d4 cxd4 4.Nxd4 Nc6 5.Nc3 Qc7 6.Be3 a6 7.Be2 Nf6 8.O-O Bb4
9.f3 d5 10.exd5 exd5 11.a3 Bd6 12.f4 O-O 13.Qd2 Re8 14.Rae1 Rxe3 15. Nxc6 Qxc6
16.Bb5 axb5 0-1

[Event "DVM U20 2016"]
[Site "Borken-Gemen GER"]
[Date "2016.12.30"]
[Round "7"]
[White "Diyap, Murat"]
[Black "Fischer, Erik"]
[Result "1-0"]
[Termination "normal"]
[Board "8.2"]
[WhiteElo "2084"]
[BlackElo "1865"]
[WhiteTeam "Frankfurter TV"]
[BlackTeam "SK König Plauen"]
[PlyCount "78"]
[WhiteFideId "1272104"]
[BlackFideId "12956678"]
[EventCountry "GER"]
[EventRounds "7"]
[EventType "team-swiss"]
[EventDate "2016.12.26"]

1.e4 c5 2.Nf3 e6 3.d4 cxd4 4.Nxd4 Nc6 5.g3 Qc7 6.Nc3 a6 7.Bg2 Nf6 8.O-O Be7
9.Nb3 O-O 10.Qe2 b5 11.Bf4 e5 12.Bg5 b4 13.Nd1 a5 14.Qd2 d6 15.c3 Be6 16.Nc1
Rfd8 17.Qd3 d5 18.Bxf6 dxe4 19.Qxe4 Bd5 20.Bxe7 Bxe4 21.Bxd8 Rxd8 22.Bxe4 Ne7
23.cxb4 axb4 24.Ne3 f5 25.Nxf5 Nxf5 26.Bxf5 Rd2 27.Nd3 g6 28. Be4 Qc4 29.Rfe1
Qd4 30.a4 bxa3 31.bxa3 Rxd3 32.Bxd3 Qxd3 33.a4 Qa6 34.a5 Kg7 35.Rxe5 Kh6 36.Re4
Kg7 37.Rb4 Qf6 38.Rbb1 Qa6 39.Rb6 Qa7 1-0

[Event "DVM U20 2016"]
[Site "Borken-Gemen GER"]
[Date "2016.12.30"]
[Round "7"]
[White "Nguyen Dang, Huy Duc"]
[Black "Engel, Jan"]
[Result "1/2-1/2"]
[Termination "normal"]
[Board "8.3"]
[WhiteElo "1803"]
[BlackElo "1882"]
[WhiteTeam "SK König Plauen"]
[BlackTeam "Frankfurter TV"]
[PlyCount "46"]
[WhiteFideId "12922846"]
[BlackFideId "12993557"]
[EventCountry "GER"]
[EventRounds "7"]
[EventType "team-swiss"]
[EventDate "2016.12.26"]

1.e4 c6 2.d4 d5 3.e5 Bf5 4.Bd3 Bxd3 5.Qxd3 e6 6.f4 Nd7 7.Nf3 c5 8.c3 cxd4
9.cxd4 Ne7 10.a3 Rc8 11.O-O h5 12.Nc3 Nf5 13.Be3 Be7 14.Rac1 Nb6 15.Nd2 Qd7
16.Bf2 O-O 17.Ne2 Rxc1 18.Rxc1 Rc8 19.Rxc8+ Qxc8 20.Qc3 Qxc3 21.Nxc3 Kf8 22.Kf1
Ke8 23.Ke2 Kd7 1/2-1/2

[Event "DVM U20 2016"]
[Site "Borken-Gemen GER"]
[Date "2016.12.30"]
[Round "7"]
[White "Pham, Phuong-Bao"]
[Black "Karl, Binh"]
[Result "1-0"]
[Termination "normal"]
[Board "8.4"]
[WhiteElo "1840"]
[BlackElo "1761"]
[WhiteTeam "Frankfurter TV"]
[BlackTeam "SK König Plauen"]
[PlyCount "89"]
[WhiteFideId "12939196"]
[BlackFideId "12922862"]
[EventCountry "GER"]
[EventRounds "7"]
[EventType "team-swiss"]
[EventDate "2016.12.26"]

1.e4 c5 2.Nf3 e6 3.g3 Nc6 4.Bg2 Qc7 5.c4 Nf6 6.Nc3 a6 7.O-O d6 8.d3 Be7 9. a3
O-O 10.Rb1 Rb8 11.b4 Rd8 12.b5 Nd4 13.b6 Qd7 14.Bf4 Qe8 15.e5 dxe5 16. Nxe5 Bd6
17.Re1 Bd7 18.Ne4 Nxe4 19.Bxe4 Bc6 20.Nxc6 Nxc6 21.Bxd6 Rxd6 22. Qa4 Qd7
23.Rbd1 Rd8 24.Re3 Nd4 25.Qxd7 R8xd7 26.Rb1 Nc2 27.Re2 Nd4 28.Re3 Nc2 29.Re2
Nd4 30.Ree1 Nc2 31.Rec1 Nd4 32.Kf1 f5 33.Bg2 Nc6 34.f4 Nd8 35. Re1 Rxd3 36.Re5
Rxa3 37.Rxc5 Rad3 38.Rc7 Rf7 39.Ke2 Rdd7 40.Rd1 Rxd1 41. Kxd1 Kf8 42.c5 Re7
43.Kc2 e5 44.fxe5 Ne6 45.c6 1-0

[Event "DVM U20 2016"]
[Site "Borken-Gemen GER"]
[Date "2016.12.30"]
[Round "7"]
[White "Werle, Joshua"]
[Black "Nguyen Dang, Lukas"]
[Result "1-0"]
[Termination "normal"]
[Board "8.6"]
[WhiteElo "1800"]
[BlackElo "1794"]
[WhiteTeam "Frankfurter TV"]
[BlackTeam "SK König Plauen"]
[PlyCount "85"]
[WhiteFideId "12973890"]
[BlackFideId "12957135"]
[EventCountry "GER"]
[EventRounds "7"]
[EventType "team-swiss"]
[EventDate "2016.12.26"]

1.d4 Nf6 2.c4 e6 3.Nc3 c5 4.d5 exd5 5.cxd5 d6 6.e4 g6 7.f4 Bg7 8.Nf3 Bg4 9.Be2
Bxf3 10.Bxf3 O-O 11.O-O a6 12.a4 Nbd7 13.Be3 Re8 14.Bf2 Rb8 15.a5 b5 16.Qc2 Qc7
17.Bg3 b4 18.Nd1 Rb5 19.Ne3 Rxa5 20.Rxa5 Qxa5 21.Nc4 Qc7 22.e5 Nh5 23.Bxh5 gxh5
24.Nxd6 Rf8 25.Nf5 Nb6 26.d6 b3 27.Qf2 Qd7 28.Nxg7 Kxg7 29.Bh4 h6 30.Bf6+ Kh7
31.Qg3 Qg4 32.Qxg4 hxg4 33.Ra1 Nd5 34.Bh4 f6 35.Rd1 Nxf4 36.d7 Ne6 37.Rd6 Rf7
38.Rxe6 Rxd7 39.Rd6 Rc7 40.Bxf6 a5 41.e6 Kg8 42. Rd8+ Kh7 43.Rd7+ 1-0